Online Catalogue and eLibrary

Ekathara polis niladhariykuge kathawak (Record no. 5199)

MARC details
000 -LEADER
fixed length control field 00425nam a2200169Ia 4500
005 - DATE AND TIME OF LATEST TRANSACTION
control field 20250321022003.0
008 - FIXED-LENGTH DATA ELEMENTS--GENERAL INFORMATION
fixed length control field 240331s9999 xx 000 0 und d
020 ## - INTERNATIONAL STANDARD BOOK NUMBER
ISBN 9552082072
082 ## - DDC Classification
Item Number - Author Mark SIR
Class No. 891
100 ## - MAIN ENTRY--PERSONAL NAME
Personal name Siriwardena,D
245 #0 - TITLE STATEMENT
Title Ekathara polis niladhariykuge kathawak
250 ## - EDITION STATEMENT
Edition statement 2nd
260 ## - PUBLICATION, DISTRIBUTION, ETC.
Place of publication, distribution, etc. Colombo
Name of publisher, distributor, etc. Godake & Sons
Date of publication, distribution, etc. 2005
300 ## - PHYSICAL DESCRIPTION
Extent (e.g. Volumes, Pages etc.) 232 p .,
500 ## - GENERAL NOTE
General note A story of a police officer
942 ## - Koha item type (Biblio)
Koha item type Books in Stacks (Lending)
Holdings
Lost status Damaged status Collection code Home library Current library Shelving location Date acquired Full call number Accession Number Item type
    Lending WERC Library WERC Library Social Science Cupboard 03/31/2024 891.08 SIR 6340 Books in Stacks (Lending)

© WERC Library